Pojezierza - Krainy Geograficzne - Statystyki

Ogólne statystyki
  • Ten quiz został rozwiązany 168 razy
  • Średni wynik to 5 z 34
Statystyki odpowiedzi
Obrazkowy Odpowiedź % Poprawnych
Pojezierze Wielkopolskie
49%
Pojezierze Mazurskie
31%
Pojezierze Kaszubskie
30%
Pojezierze Poznańskie
30%
Pojezierze Lubuskie
27%
Pojezierze Myśliborskie
27%
Pojezierze Drawskie
23%
Pojezierze Olsztyńskie
21%
Kraina Wielkich Jezior Mazurskich
20%
Pojezierze Gnieźnieńskie
19%
Pojezierze Kujawskie
19%
Bory Tucholskie
14%
Pojezierze Ełckie
14%
Pojezierze Iławskie
14%
Pojezierze Krajeńskie
14%
Pojezierze Chełmińskie
13%
Pojezierze Leszczyńskie
13%
Pojezierze Litewskie
13%
Pojezierze Wałeckie
13%
Pojezierze Wschodniosuwalskie
13%
Pojezierze Bytowskie
10%
Pojezierze Dobrzyńskie
10%
Garb Lubawski
7%
Pojezierze Zachodniosuwalskie
7%
Pradolina Toruńsko-Eberswaldzka
7%
Wzgórza Szeskie
7%
Pojezierze Chełmińsko-Dobrzyńskie
6%
Pojezierze Południowopomorskie
6%
Pojezierze Wschodniopomorskie
4%
Pojezierze Zachodniopomorskie
4%
Pradolina Warciańsko-Odrzańska
4%
Równina Mazurska
4%
Pojezierza Południowobałtyckie
3%
Równina Augustowska
3%
Nie znaleziono quizów pasujących do podanych kryteriów
Rozkład punktacji
Procent ludzi z każdym wynikiem
Percentyl według liczby udzielonych odpowiedzi
Twoja historia wyników
Nie rozwiązałeś tego quizu